000 00824nam a22002297a 4500
005 20230221125721.0
008 230216b sp ||||| |||| 00| 0 spa d
020 _a9788496859043 (España)
020 _a9789871283484 (Argentina)
050 0 4 _aBR845
_bC47 2007
100 _aCerteau, Michel de.
_e1925-1986
245 _aEl lugar del otro: historia religiosa y mística /
_cMichel de Certeau ; ed. Luce Giard ; traducción Victor Goldstein
_h
250 _a1a ed.
260 _aEspaña ;
_bKatz,
_c2007
300 _a378 p. ;
_c 23 cm,
_e
440 _aConocimiento ;
_n No. 3030
500 _a# 497 Donacion: Juan Alvarez Cienfuegos 25/ FEB./2020
650 _aFrancia
_xHistoria de la Iglesia
_ysiglo XVI
700 _aGiard, Luce
_e ed.
700 _aGoldstein, Victor
_etr.
942 _2lcc
_cLIB
999 _c166163
_d166161